000 00648nam a2200217 i 4500
001 139292
003 ES-MaACL
005 20230906195743.0
007 t|
008 070214s1981 sp a |||| | spa d
100 1 _aScott, E. F.
_9104945
245 1 0 _aMicroprocesadores y computación /
_cE. F. Scott.
260 _aBarcelona :
_bCeac,
_c1981.
300 _a145 p. :
_bil. ;
_c20 cm.
490 1 _aMonografías Ceac de informática
650 0 4 _aMicroprocesadores.
_915031
650 0 4 _aProgramación de ordenadores.
_916464
830 0 _aMonografías Ceac de informática
_9220211
852 _aES-MaACL
_jL-1899
999 _c139292
_d139292